Mastering the machine revisited : poverty, aid and technology /
Saved in:
| Main Author: | |
|---|---|
| Format: | Book |
| Language: | English |
| Published: |
London :
ITDG Publishing,
2000.
|
| Subjects: | |
| Tags: |
Add Tag
No Tags, Be the first to tag this record!
|
| LEADER | 01031nam a2200325Ma 4500 | ||
|---|---|---|---|
| 001 | 008334792-5 | ||
| 005 | 20020606104010.5 | ||
| 008 | 000322s2000 enk b 001|0 eng d | ||
| 015 | |a GBA0-Z8221 | ||
| 020 | |a 1853395145 | ||
| 020 | |a 1853395072 (pbk.) |c £15.95 | ||
| 035 | 0 | |a ocm46770688 | |
| 040 | |a MNP |c MNP | ||
| 043 | |a d------ | ||
| 050 | 4 | |a HC60 |b .S5462x 2000 | |
| 082 | 0 | 4 | |a 338.91 |2 21 |
| 100 | 1 | |a Smillie, Ian. | |
| 245 | 1 | 0 | |a Mastering the machine revisited : |b poverty, aid and technology / |c Ian Smillie. |
| 260 | |a London : |b ITDG Publishing, |c 2000. | ||
| 300 | |a xv, 288 p. ; |c 24 cm. | ||
| 500 | |a Previous edition published 1991 has title: Mastering the machine. | ||
| 504 | |a Includes bibliographical references and index. | ||
| 650 | 0 | |a Technical assistance |z Developing countries. | |
| 650 | 0 | |a Poverty. | |
| 650 | 0 | |a Economic assistance. | |
| 650 | 0 | |a Appropriate technology. | |
| 650 | 0 | |a Poor |z Developing countries. | |
| 710 | 2 | |a Smillie, Ian. |t Mastering the machine. | |
| 988 | |a 20020608 | ||
| 906 | |0 OCLC | ||


